Central Library OPAC University of Rajshahi
Normal view MARC view

Entry Personal Name

Number of records used in: 4

001 - CONTROL NUMBER

  • control field: 13429

003 - CONTROL NUMBER IDENTIFIER

  • control field: BD-RjUL

005 - DATE AND TIME OF LATEST TRANSACTION

  • control field: 20240704113330.0

008 - FIXED-LENGTH DATA ELEMENTS

  • fixed length control field: 240704|| aca||aabn | a|a d

040 ## - CATALOGING SOURCE

  • Original cataloging agency: BD-RjUL
  • Transcribing agency: BD-RjUL

100 ## - HEADING--PERSONAL NAME

  • Personal name: মণ্ডল, অমূল্য কুমার

670 ## - SOURCE DATA FOUND

  • Source citation: Work cat.: (BD-RjUL)83956: মণ্ডল, অমূল্য কুমার , বিংশ শতাব্দীর মেয়ে /, ২০২৩